Регионална библиотека "Любен Каравелов" - Русе

Христоматия по история на България (Запис номер 20289)

MARC детайли
000 -Лидер
Контролно поле с фиксирана дължина 02535nam a2200421 a 4500
003 - Код на организацията, давaща контролен номер
Контролно поле BLK
005 - Дата и час на последна редакция
Контролно поле 20250128005501.0
008 - Елементи от данни с фиксирана дължина
fixed length control field 180413b bul|||||r ||||||| ||bul||
010 ## - Наследен системен номер
LC control number KNG00022497000
040 ## - Източник на каталожния запис
Идентификатор на билиотеката - собственик на записа BLK
041 ## - Код за език
Код за езика на текст/звукозапис или на отделно заглавие Български
Код за езика КДБФ Български
080 ## - УДК
Текстов определител УДК История на България
УДК код - определител по УДК 94(497.2)
УДК определител (082)(075.8)
УДК - код + определител 94(497.2)(082)(075.8)
080 ## - УДК
Текстов определител УДК Период на кризата на феодализма, зараждане на капиталистически отношения. Възраждане на българския народ (II пол. на ХVIII в. - 1878 г.)
УДК код - определител по УДК 94(497.2)"1750/1878"
УДК определител (082)(075.8)
УДК - код + определител 94(497.2)"1750/1878"(082)(075.8)
139 ## - Редно поле
Редна дума Христоматия по история на България
Авторски знак Христом - Х 83
245 10 - Сведения за заглавието
Заглавие Христоматия по история на България
Подзаглавни данни Помагало за студенти по история във ВУЗ : Т. 1 - За том: Ранно бълг. Възраждане ХV-20-те год. на ХІХ в.
Редно поле (дума) състав. на том Цветана Борисова Георгиева; състав. на том Димитър Цветанов Цанев.
Том Т. 3
Заглавие на том Българският народ под османско владичество
257 ## - Страна на издаване
Страна на създаване/издаване България
260 ## - Област на издателските данни
Име на издателя, разпространителя и проч. Наука и изкуство
Година на издаване 1964 -
Печатница За том: Плевен : Ал. Пъшев
Място на издаване, разпространение и проч. София
300 ## - Физическа характеристика
Размери/Мащаб 20 см
380 ## - Жанр
Жанр История
650 #4 - Допълнително описание по предмет – тема
Основно описание – тема или топоним България - история - христоматии
9 (RLIN) 241740
650 #0 - Допълнително описание по предмет – тема
Основно описание – тема или топоним България - история, османско владичество
9 (RLIN) 245876
650 #4 - Допълнително описание по предмет – тема
Основно описание – тема или топоним Възраждане - България - христоматии
9 (RLIN) 242650
653 ## - Ключова дума – ненормативна
Ключова дума история
653 ## - Ключова дума – ненормативна
Ключова дума османско владичество
653 ## - Ключова дума – ненормативна
Ключова дума Възраждане
653 ## - Ключова дума – ненормативна
Ключова дума България
653 ## - Ключова дума – ненормативна
Ключова дума христоматии
700 1# - Други автори (авторска отговорност)
Лично име Георгиева, Цветана Борисова
Дати, свързани с автора 1937-2022
Друга информация Историк, османист, етнолог
9 (RLIN) 364808
700 ## - Други автори (авторска отговорност)
Лично име Цанев, Димитър Цветанов
9 (RLIN) 259079
760 1# - Описание на основната серия
Място на издаване, издател и година 1982
Страници - том 447 с., 22 см
Забележка - том Съдържа и Речник на османо-турските думи и термини. - Геогр. показалец
Заглавие Т. 3 Българският народ под османско владичество
852 ## - Местоположение
Форматна сигнатура Цб 32887
Фондова буква Хранилище
856 4# - Електронен адрес и достъп
Електронен формат pdf - файл
Път до файла /url/
856 4# - Електронен адрес и достъп
Електронен формат pdf - файл
Път до файла /url/
999 ## - СИСТЕМНИ КОНТРОЛНИ НОМЕРА
Koha biblionumber 20289
Koha biblioitemnumber 20289
942 ## - АРТИКУЛИ
Вид на библиотечния материал Книги
Скрит в OPAC Не
Koha issues (borrowed), all copies 4
Периодичен библиозапис Да
944 ## - СЪЗДАВАНЕ И РЕДАКЦИЯ на ЗАПИСА
Създаване/Редакция Създаване
Служител, извършил регистрацията/редакцията
Статус, дата на статуса CRON CRON
944 ## - СЪЗДАВАНЕ И РЕДАКЦИЯ на ЗАПИСА
Създаване/Редакция Редакция
Дата на регистрацията/редакция 25.06.2010
999 ## - СИСТЕМНИ КОНТРОЛНИ НОМЕРА
Koha biblioitemnumber 20289
Наличности
Код за отписване Код за изгубен артикул Източник на класификационната схема Код за повреда Коз за рестрикции Код за отдаване Артикулен № Име на библиотеката - собственик Име на библиотеката, в която се намира в момента Статус (Текущо местоположение) Дата на вписване в системата Местоположение - отдел Цена в лева Инвентарен номер Систематично азбучна сигнатура Баркод Номер на екземпляра Цена в евро Служебна бележка Служебен тип на артикула
  Не е изгубен Universal Decimal Classification Не е повреден само за читалня ползва се в читалня 33676 Регионална библиотека "Любен Каравелов" Русе Регионална библиотека "Любен Каравелов" Русе Хранилище 1982-01-01 Хранилище 2.48 365787 Цб 32887 120000365787 1 1.27 Дост: Dp Вид: Д N: стар фонд Дата: 01.01.1982 Книги
  Не е изгубен Universal Decimal Classification Не е повреден без рестрикции заемане за дома 33677 Регионална библиотека "Любен Каравелов" Русе Регионална библиотека "Любен Каравелов" Русе Заемна - подръчен фонд 1982-01-01 Заемна - подръчен фонд 2.48 367556 П 94(497.2)/Х 83 120000367556 2 1.27 Дост: Pk Вид: Ф N: стар фонд Дата: 01.01.1982 Дата инв: 08.02.2018 Бележки инв: П2018 Книги
Изтеглен Не е изгубен Universal Decimal Classification Не е повреден без рестрикции заемане за дома 33678 Регионална библиотека "Любен Каравелов" Русе Регионална библиотека "Любен Каравелов" Русе Заемна - подръчен фонд 1982-01-01 Заемна - подръчен фонд 2.48 367557 П 949.72/Х 83 367557 3 1.27 Дост: Pk Вид: Ф N: стар фонд Дата: 01.01.1982 Книги
  Не е изгубен Universal Decimal Classification Не е повреден без рестрикции заемане за дома 33679 Регионална библиотека "Любен Каравелов" Русе Регионална библиотека "Любен Каравелов" Русе Заемна - подръчен фонд 1982-01-01 Заемна - подръчен фонд 2.48 367558 П 94(497.2)/Х 83 120000367558 4 1.27 Дост: Pk Вид: Ф N: стар фонд Дата: 01.01.1982 Дата инв: 08.02.2018 Бележки инв: П2018 Книги
Vip Innovations Ltd, Rousse, Bulgaria 2025